| 000 | 00965nam a22003137a 4500 | ||
|---|---|---|---|
| 003 | CHAP | ||
| 005 | 20220329140057.0 | ||
| 008 | 971013s1934 r 00010 d | ||
| 010 | _a46649 | ||
| 011 | _a47621 | ||
| 035 | _a51764 | ||
| 040 | _cCHAP | ||
| 082 |
_a532.1 _bT54Ya |
||
| 100 | 0 | 0 |
_aTietjens, D. G. _9113274 |
| 245 | _aApplied hydro-and aeromechanics | ||
| 260 |
_aNew York : _bMcGraw-Hill, _c1934 |
||
| 300 |
_a311 p. _b; ilus. |
||
| 590 |
_aBATCH-UPD _b10 _c20130110 _lUCH01 _h2129 |
||
| 590 |
_aBATCH-UPD _b10 _c20130410 _lUCH01 _h1439 |
||
| 590 |
_aBATCH-UPD _b10 _c20130914 _lUCH01 _h1806 |
||
| 590 |
_aCONVERSION _b10 _c20130109 _lUCH01 _h1325 |
||
| 650 | 1 | 4 |
_aMecánica de fluídos. _973821 |
| 700 | 0 |
_aPrandtl, L. _991296 |
|
| 901 | _aBK | ||
| 942 | _cLIBRO | ||
| 949 |
_a532.1 T54Ya _bBC _cBPA _d-115666 _eBPA _i51764 _si |
||
| 949 |
_a532.1 T54Ya _bBC _cBPA _d-115667 _eBPA _fc.2 _i51764 _si |
||
| 949 |
_a532.1 T54Ya _bBC _cBPA _d-115668 _eBPA _fc.3 _i51764 _si |
||
| 999 |
_c46649 _d46649 |
||